书目信息 |
| 题名: |
巴黎文学地图
|
|
| 作者: | 杰拉德 著 ;齐林涛 , 王淼 译 | |
| 分册: | ||
| 出版信息: | 上海 上海交通大学出版社 2017 |
|
| 页数: | 180页 | |
| 开本: | 19cm | |
| 丛书名: | ||
| 单 册: | ||
| 中图分类: | I565.09 | |
| 科图分类: | ||
| 主题词: | 文学史--法国 | |
| 电子资源: | ||
| ISBN: | 978-7-313-17384-3 | |
| 000 | 00950nam0 2200265 450 | |
| 001 | 5259 | |
| 005 | 20180528180820.54 | |
| 010 | @a978-7-313-17384-3@b精装@dCNY48.00 | |
| 100 | @a20171116d2017 em y0chiy50 ea | |
| 101 | 1 | @achi@ceng |
| 102 | @aCN@b310000 | |
| 105 | @aab z 000yy | |
| 200 | 1 | @a巴黎文学地图@9ba li wen xue di tu@dBloom's literary places: Paris@f迈克·杰拉德著@g齐林涛,王淼译@zeng |
| 210 | @a上海@c上海交通大学出版社@d2017 | |
| 215 | @a180页@c图@d19cm | |
| 300 | @a布鲁姆文学地图 | |
| 330 | @a本书穿越历史现场,将地理、人文和文学错落有序交织在一起,带领读者鉴赏巴黎悠久的文学历史,感受巴黎独有的文学气息,领略巴黎灿烂的文学世界。 | |
| 510 | 1 | @aBloom's literary places: Paris@zeng |
| 606 | 0 | @a文学史@y法国 |
| 690 | @aI565.09@v5 | |
| 701 | 0 | @a杰拉德@9jie la de@c(Gerard, M.)@4著 |
| 702 | 0 | @a齐林涛@9qi lin tao@4译 |
| 702 | 0 | @a王淼@9wang miao@4译 |
| 801 | 0 | @aCN@b91MARC@c20171116 |
| 905 | @aMuseLib@dI565.09@e710 | |
| 巴黎文学地图=Bloom's literary places: Paris/迈克·杰拉德著/齐林涛,王淼译.-上海:上海交通大学出版社,2017 |
| 180页:图;19cm |
| 布鲁姆文学地图 |
| ISBN 978-7-313-17384-3(精装):CNY48.00 |
| 本书穿越历史现场,将地理、人文和文学错落有序交织在一起,带领读者鉴赏巴黎悠久的文学历史,感受巴黎独有的文学气息,领略巴黎灿烂的文学世界。 |
| ● |
| 相关链接 |
|
|
|
|
正题名:巴黎文学地图
索取号:I565.09/710
 
预约/预借
| 序号 | 登录号 | 条形码 | 馆藏地/架位号 | 状态 | 备注 |
| 1 | 1112603 | 211126039 | 第一样本阅览室/ [索取号:I565.09/710] | 在馆 | |
| 2 | 1112604 | 211126048 | 教育系资料室/ [索取号:I565.09/710] | 在馆 | |
| 3 | 1112605 | 211126057 | 教育系资料室/ [索取号:I565.09/710] | 在馆 | |
| 4 | 1112606 | 211126066 | 第二借阅区/ [索取号:I565.09/710] | 在馆 |